Sociology and Social Policy for the early years. (Record no. 9276)

MARC details
000 -LEADER
fixed length control field 00512nam a22001937a 4500
003 - CONTROL NUMBER IDENTIFIER
control field OSt
005 - DATE AND TIME OF LATEST TRANSACTION
control field 20240723123838.0
008 - FIXED-LENGTH DATA ELEMENTS--GENERAL INFORMATION
fixed length control field 240723b |||||||| |||| 00| 0 eng d
020 ## - INTERNATIONAL STANDARD BOOK NUMBER
International Standard Book Number 9780340844939
040 ## - CATALOGING SOURCE
Original cataloging agency MUST
Transcribing agency MUST
082 ## - DEWEY DECIMAL CLASSIFICATION NUMBER
Classification number 301 YEO 2007
100 ## - MAIN ENTRY--PERSONAL NAME
Personal name Yeo Alan
9 (RLIN) 18964
245 ## - TITLE STATEMENT
Title Sociology and Social Policy for the early years.
Statement of responsibility, etc. Alan Yeo
300 ## - PHYSICAL DESCRIPTION
Extent 240p.
Other physical details ill.
Dimensions 25cm.
504 ## - BIBLIOGRAPHY, ETC. NOTE
Bibliography, etc bibliographies and indexes.
650 ## - SUBJECT ADDED ENTRY--TOPICAL TERM
Source of heading or term policy
700 ## - ADDED ENTRY--PERSONAL NAME
Personal name Tina Lovell.
9 (RLIN) 18965
942 ## - ADDED ENTRY ELEMENTS (KOHA)
Source of classification or shelving scheme Dewey Decimal Classification
Koha item type Open Shelf
Holdings
Withdrawn status Lost status Source of classification or shelving scheme Damaged status Not for loan Home library Current library Date acquired Inventory number Total Checkouts Full call number Barcode Date last seen Price effective from Koha item type
    Dewey Decimal Classification     MUST Main Library MUST Main Library 23/07/2024 10/ 32368   301 YEO 2007 2024-22145 23/07/2024 23/07/2024 Open Shelf